000 00553nam a2200157 4500
999 _c16893
_d16893
008 220411b ||||| |||| 00| 0 eng d
022 _a0117-3308
082 _aDPer 004.1105 C73 Sept 2010 - April 2011 v. 20 n. 3-9
100 _aJohnson, Maryfran.
_945122
245 _aHow to be a good panel moderator/
_cMaryfran Johnson.
260 _aPhilippines:
_bSchneider Electric,
_c©2010-2011.
300 _av20 n4, page 49.:
_bcolor illustrations;
_c27 cm.
500 _aComputer world.
650 _aDiscussion groups
_xModerator.
_945123
942 _2ddc
_cPER